00625pab a2200181 454500008004000000100002300040245013600063260000900199300001500208362000800223650002000231700002100251773003200272908000600304909001000310999001700320952010600337180718b2012 xxu||||| |||| 00| 0 eng d aPandey, Alok Kumar aInequality, decomposition of inequality and stationarity of state domestic product: An empirical evidence from twenty Indian states c2012 ap.571-645. aApr aEconomic growth aDixit, Annapurna aIndian Journal of Economics aN a97034 c97034d97034 00104070aIIPAbIIPAd2018-07-19hVolume no: 88, Issue no: 367pAR97494r2018-07-19w2018-07-19yAR